NFL Playoffs Overtime Winners - Statistics

General Stats
  • This quiz has been taken 21 times
  • The average score is 17 of 38
Answer Stats
Season Winning Team Losing Team % Correct
2023 Kansas City Chiefs San Francisco 49ers
100%
2025 Los Angeles Rams Chicago Bears
100%
2021 Cincinnati Bengals Kansas City Chiefs
94%
2021 Kansas City Chiefs Buffalo Bills
94%
2025 Denver Broncos Buffalo Bills
88%
2018 New England Patriots Kansas City Chiefs
76%
2016 New England Patriots Atlanta Falcons
76%
2018 Los Angeles Rams New Orleans Saints
71%
2015 Arizona Cardinals Green Bay Packers
59%
2012 Baltimore Ravens Denver Broncos
59%
2011 Denver Broncos Pittsburgh Steelers
59%
2019 Houston Texans Buffalo Bills
59%
2019 Minnesota Vikings New Orleans Saints
59%
2011 New York Giants San Francisco 49ers
59%
2014 Seattle Seahawks Green Bay Packers
59%
2009 New Orleans Saints Minnesota Vikings
53%
2007 New York Giants Green Bay Packers
47%
2009 Arizona Cardinals Green Bay Packers
41%
1992 Buffalo Bills Houston Oilers
41%
1986 Denver Broncos Cleveland Browns
41%
2001 New England Patriots Oakland Raiders
41%
1998 Atlanta Falcons Minnesota Vikings
35%
2003 Philadelphia Eagles Green Bay Packers
29%
2004 Pittsburgh Steelers New York Jets
29%
2003 Carolina Panthers St. Louis Rams
24%
1986 Cleveland Browns New York Jets
24%
2003 Green Bay Packers Seattle Seahawks
24%
1971 Miami Dolphins Kansas City Chiefs
24%
1977 Oakland Raiders Baltimore Colts
24%
2008 San Diego Chargers Indianapolis Colts
24%
1981 San Diego Chargers Miami Dolphins
24%
2000 Miami Dolphins Indianapolis Colts
18%
2004 New York Jets San Diego Chargers
18%
1989 Los Angeles Rams New York Giants
12%
1989 Pittsburgh Steelers Houston Oilers
12%
1987 Houston Oilers Seattle Seahawks
6%
1993 Kansas City Chiefs Pittsburgh Steelers
6%
2002 Tennessee Titans Pittsburgh Steelers
6%
No matching quizzes found
Score Distribution
Percent of People with Each Score
Percentile by Number Answered
Your Score History
You have not taken this quiz